000 00616cam a2200181 a 4500
001 15441897
005 20241029111906.0
008 080908s2008 gh a b 001 0 eng
020 _z9789988111657
_a9789988111656
050 0 0 _aHV6453.G45
_bA88 2008
100 1 _aAttafuah, Ken Agyeman.
245 1 0 _aFighting armed robbery in Ghana /
_cKen A. Attafuah.
260 _aAccra :
_bJustice & Human Rights Institute,
_cc2008.
300 _axx, 332 p. :
_bill. ;
_c22 cm.
650 0 _aCrime prevention
_zGhana.
856 4 1 _3Table of contents only
_uhttp://www.loc.gov/catdir/toc/fy0903/2008345048.html
942 _2lcc
_cBK
_n0
999 _c338
_d338